| 000 | 01204nam a2200361 i 4500 | ||
|---|---|---|---|
| 001 | 768714001 | ||
| 003 | CO-MdFUSB | ||
| 005 | 20201209110003.0 | ||
| 007 | ta | ||
| 008 | 760420t1978 miu 000 0 eng | ||
| 010 | _a 76013490 //r86 | ||
| 020 | _a0851501745 | ||
| 040 |
_aCO-MdFUSB _bspa _cCO-MdFUSB _dCO-MdFUSBC _erda |
||
| 041 | _aeng | ||
| 082 |
_223 _a221.48 _bM877 |
||
| 100 | 1 |
_aMorrish, George. _eautor |
|
| 245 | 1 | 2 |
_aA concordance of the Septuagint : _bgiving various readings from Codices Vaticanus, Alexandrinus, Sinaiticus, and Ephraemi, with an appendix of words from Origen's Hexapla, etc., not found in the above manuscripts / _ccompilado por George Morrish. |
| 260 |
_bZondervan, _c1976. |
||
| 264 | 1 |
_aGrand Rapids : _bZondervan Publishing House, _c[1978] |
|
| 264 | 4 | _c© 1978 | |
| 300 |
_a284 páginas ; _c24 cm. |
||
| 336 |
_2rdacontent _atexto _btdi |
||
| 337 |
_2rdamedia _asin mediación _bn |
||
| 338 |
_2rdacarrier _avolumen _bnc |
||
| 563 | _aRústico | ||
| 630 | 0 | 7 |
_aBiblia. _pAntiguo Testamento |
| 653 | _aIdiomas bíblicos | ||
| 653 | _aGriego bíblico. | ||
| 942 | _cBK | ||
| 945 | _aJTF-925 | ||
| 999 |
_c66098 _d66098 |
||